000 00463nam a2200181Ia 4500
001 20166
005 20260306172746.0
008 260306t2018||||xx |||||||||||||| ||spa||
041 _aESP
082 _a342.8113
_bA64
100 _aApaza Meza, Mario
_eAUT
245 0 _aImpacto del plan BEPS en los precios de transferencia en el Perú
260 _c2018
300 _a420 páginas :
_c24 cm.
650 _aGEN
654 _aCDE
942 _cLIB
_dJUS
_fJUS
_2ddc
_n
999 _c20166
_d20166